Montreal Canadiens Goalies of the 2010's - Statistics

General Stats
  • This quiz has been taken 62 times
  • The average score is 9 of 14
Answer Stats
Answer % Correct
Carey Price
100%
Jake Allen
95%
Cayden Primeau
91%
Jaroslav Halak
91%
Samuel Montembeault
87%
Charlie Lindgren
64%
Dustin Tokarski
64%
Peter Budaj
64%
Al Montoya
60%
Mike Condon
58%
Antti Niemi
53%
Keith Kinkaid
45%
Alex Auld
33%
Ben Scrivens
33%
No matching quizzes found
Score Distribution
Percent of People with Each Score
Percentile by Number Answered
Your Score History
You have not taken this quiz